Una educación para el diálogo / (Record no. 93306)

MARC details
000 -LEADER
campo de control de longitud fija 00685nam a2200229 i 4500
001 - NÚMERO DE CONTROL
campo de control 93306
003 - IDENTIFICADOR DE NÚMERO DE CONTROL
campo de control ES-MaACL
005 - FECHA Y HORA DE LA ÚLTIMA TRANSACCIÓN
campo de control 20250829130245.0
007 - CAMPO FIJO DE DESCRIPCIÓN FÍSICA--INFORMACIÓN GENERAL
campo de control de longitud fija t|
008 - DATOS DE LONGITUD FIJA--INFORMACIÓN GENERAL
campo de control de longitud fija 050513s2004 sp ||||1| spa d
020 ## - NÚMERO INTERNACIONAL ESTÁNDAR DEL LIBRO
Número Internacional Estándar del Libro 84-493-1591-3
080 ## - NÚMERO DE LA CLASIFICACIÓN DECIMAL UNIVERSAL
Número de la Clasificación Decimal Universal 37.013.42
100 1# - ENTRADA PRINCIPAL--NOMBRE DE PERSONA
Nombre de persona Asensio Aguilera, Jose María.
9 (RLIN) 170289
245 14 - MENCIÓN DEL TÍTULO
Título Una educación para el diálogo /
Mención de responsabilidad, etc. José M. Asensio.
260 ## - PUBLICACIÓN, DISTRIBUCIÓN, ETC.
Lugar de publicación, distribución, etc. Barcelona :
Nombre del editor, distribuidor, etc. Paidós Ibérica,
Fecha de publicación, distribución, etc. [2004]
300 ## - DESCRIPCIÓN FÍSICA
Extensión 247 p. ;
Dimensiones 23 cm.
490 1# - MENCIÓN DE SERIE
Mención de serie Papeles de pedagogía ;
Designación de volumen o secuencia 63
650 17 - PUNTO DE ACCESO ADICIONAL DE MATERIA--TÉRMINO DE MATERIA
Término de materia o nombre geográfico como elemento de entrada Pedagogía social
Fuente del encabezamiento o término embne
9 (RLIN) 15908
830 0# - PUNTO DE ACCESO ADICIONAL DE SERIE-TÍTULO UNIFORME
Título uniforme Papeles de pedagogía ;
Designación de volumen o secuencia 63
9 (RLIN) 184280
852 ## - LOCALIZACIÓN
Ubicación ES-MaACL
Número de control de estantería L-29089
Sublocalización o colección R.135576
Holdings
Estatus retirado Estado de pérdida Estado de daño No para préstamo Biblioteca de origen Biblioteca actual Ubicación en estantería Fecha de adquisición Fuente de adquisición Total de préstamos Signatura topográfica completa Código de barras Visto por última vez Precio de reemplazo Tipo de ítem Koha
        Biblioteca del Ateneo de Madrid Biblioteca del Ateneo de Madrid Depósito 2 17/01/2008     L-29089 1097392 23/02/2023 23/02/2023 Libro impreso